000 01087cam a22002055a 4500
001 L149837
008 100504e2010 xxk 000 0 eng d
035 _a(Sirsi) u149837
041 0 _aeng
100 1 _aShah, Aditi
245 0 0 _aMarkets
_bEssex
260 _c2010
490 0 _aProperty Week
_v76(12) 26 March 2010, 51-56(4)
520 _aLand reclamation work has started on the 9m sq ft London Gateway container port at Stanford-le-Hope. The National Skills Academy for Creative and Cultural Skills has won funding to build a new skills academy at Thurrock to be completed in Spring 2012. London and Essex leaders at a MIPIM forum have been advised that they must act now to build a lasting legacy from Olympics 2012 and campaign for improved infrastructure to support regional development. Runway extension at Southend Airport gains government approval. Essex County Council is building a land bank of development sites.
590 _aKA
651 4 _aEssex
690 _aPROPERTY-COMMERCIAL PROPERTY-COMMERCIAL PROPERTY MARKET
700 1 _aShepherd, Mark
942 _n0
999 _c82292
_d82292